| 000 | 00545nam a2200169Ia 4500 | ||
|---|---|---|---|
| 003 | GCL | ||
| 008 | 140319s9999 xx 000 0 ara d | ||
| 040 |
_aGCL / _cGCL |
||
| 082 | 0 | 4 |
_aق _b962.034 _bح م |
| 245 | 1 | 0 | _aمصر والحرب الروسية التركية 1877 - 1878 |
| 300 | _a108 ص | ||
| 490 |
_aكتاب _v0 |
||
| 650 | 0 | 4 | _aالامبراطورية العثمانية |
| 650 | 0 | 4 | _aالحروب - تاريخ |
| 650 | 0 | 4 | _aمصر - تاريخ - العصر الحديث - عصر اسماعيل ( 1863-1879 م ) |
| 942 |
_2ddc _cBK |
||
| 999 |
_c43082 _d43082 |
||